[Event "5th Vardaris Open 2019"]
[Site "Thessaloniki"]
[Date "2019.03.08"]
[Round "2.1"]
[White "Vallejo Pons, Francisco"]
[Black "Alvin, Leo"]
[Result "1-0"]
[WhiteElo "2698"]
[BlackElo "2042"]
[Annotator "TA"]
[PlyCount "67"]
[EventDate "2019.02.27"]
[EventType "swiss"]
[EventCountry "GRE"]
[SourceTitle "playchess.com"]
[Source "ChessBase"]
[SourceQuality "1"]

{[%evp 11,67,19,63,69,74,67,99,84,126,123,121,134,126,127,116,120,139,134,143,125,117,94,92,73,98,84,120,110,115,95,140,128,192,189,188,177,201,170,287,127,147,157,174,164,222,222,399,214,415,433,433,422,445,433,423,439,424,414]} 1. c4 e5 2. Nc3 Nc6 3. e3 g6 4. d4 d6 5. Nf3 Bg7 6. Be2 Nh6 7. d5 {A25: English Opening vs King's Indian with ...Nc6 but without early d3} (7. O-O O-O 8. d5 Ne7 9. b4 f5 10. c5 Nf7 11. cxd6 cxd6 12. a4 Kh8 13. e4 Ng8 14. a5 Nf6 {½-½ (52) Stocek,J (2574)-Tratar,M (2439) Trieste 2018}) 7... Nb8 $146 ({Predecessor:} 7... Ne7 8. e4 O-O 9. h4 f6 10. h5 g5 11. Nh2 Bd7 12. Be3 b6 13. Nf1 Qc8 14. f3 Nf7 {1-0 (48) Amanov,Z (2364)-Gupta,A (2273) Los Angeles 2011}) 8. e4 O-O 9. h4 {White is better.} f6 10. h5 {And now hxg6 would win.} g5 11. Nd2 f5 {[#]} 12. exf5 $1 Nxf5 {[#]} 13. h6 $1 {[%mdl 512]} Nxh6 14. Nde4 Nf7 15. g4 {[%mdl 1024] White has strong compensation.} h6 16. Bd3 Nd7 17. Qe2 Nh8 18. Bd2 Rf7 19. O-O-O Nf8 20. Rh5 Nhg6 21. Rdh1 Nf4 (21... Rf4 $16) 22. Bxf4 $1 $18 Rxf4 23. f3 Bd7 24. Ng3 Be8 (24... Qe7 {is a better defense.} 25. R5h3 Rd4) 25. R5h2 (25. Rxh6 $18 {is the precise move to win. aiming for R6h2.} a6 26. R6h2) 25... Bg6 26. Nf5 Bxf5 27. Bxf5 a6 (27... Rxf5 $142 28. gxf5 Qf6) 28. Ne4 c6 $2 (28... Rxe4 29. Qxe4 a5) 29. Qd3 (29. Rxh6 $142 Bxh6 30. Rxh6 cxd5 31. Nxd6 (31. Rxd6 Rxe4 32. Rxd8 Rxe2 $16) 31... Rxc4+ 32. Nxc4) 29... c5 $2 (29... Qb6 {was necessary.} 30. dxc6 (30. Nxd6 Rd8 $16) 30... Qxc6) 30. Qf1 Rxe4 {White is clearly winning.} 31. fxe4 Qf6 32. Be6+ Nxe6 33. Qxf6 (33. dxe6 Qxe6 34. Qd3 Rf8 $11) 33... Bxf6 34. Rxh6 {Accuracy: White = 62%, Black = 49%.} ({Weaker is} 34. dxe6 Bg7 $18) 1-0

[Event "5th Vardaris Open 2019"]
[Site "Thessaloniki"]
[Date "2019.03.08"]
[Round "2.2"]
[White "Samaridis, Konstantinos"]
[Black "Halkias, Stelios"]
[Result "0-1"]
[WhiteElo "2038"]
[BlackElo "2552"]
[Annotator "TA"]
[PlyCount "48"]
[EventDate "2019.02.27"]
[EventType "swiss"]
[EventCountry "GRE"]
[SourceTitle "playchess.com"]
[Source "ChessBase"]
[SourceQuality "1"]

{[%evp 15,48,14,18,16,9,-4,-5,-22,-13,-40,-36,-52,-52,-56,-51,-115,-108,-114,-126,-308,-304,-455,-455,-1187,-1185,-1363,-1118,-1088,-1488,-1500,-1492,-1471,-1471,-1425,-1082]} 1. d4 Nf6 2. c4 e6 3. Nc3 Bb4 4. Qc2 O-O 5. Nf3 d5 6. a3 Bxc3+ 7. Qxc3 dxc4 8. Qxc4 b6 9. Bg5 {E36: Nimzo-Indian: Classical: 4...d5 5 a3} Ba6 10. Qc2 h6 11. h4 $146 {The position is equal.} ({Predecessor:} 11. Bh4 Nbd7 12. e4 Bxf1 13. Rxf1 Qc8 14. Qc6 Rb8 15. Rc1 Qb7 16. Ke2 Qa6+ {1-0 (32) Korobov,A (2685)-Pikula,D (2469) Biograd 2018}) 11... Bb7 12. Bxf6 (12. e3 {looks sharper.} c5 13. dxc5 bxc5 14. Bf4 Nbd7 15. O-O-O) 12... Qxf6 13. Qxc7 Bxf3 $1 14. exf3 Qxd4 15. Rd1 (15. Qc2 $15) 15... Qxb2 $17 16. Bd3 {[#] Hoping for 0-0.} Qxa3 17. Qb7 $2 (17. O-O $17 Na6 18. Bxa6 Qxa6 19. Ra1) 17... Qc3+ $19 18. Ke2 (18. Kf1 $142 Nc6 19. g3) 18... Nc6 {Black is clearly winning.} 19. Rc1 (19. Qa6 $142 Rfd8 20. Qa1 Nd4+ 21. Kf1 Qxa1 22. Rxa1) 19... Nd4+ 20. Ke3 Nf5+ 21. Ke2 Qb2+ 22. Kd1 Rad8 23. Qe4 Rd4 {[#] ( -> ...Rfd8)} 24. Qe2 Qb3+ {Accuracy: White = 37%, Black = 85%.} 0-1

[Event "5th Vardaris Open 2019"]
[Site "Thessaloniki"]
[Date "2019.03.08"]
[Round "2.3"]
[White "Stanojoski, Zvonko"]
[Black "Tsilias, Nikolaos"]
[Result "1-0"]
[WhiteElo "2453"]
[BlackElo "1948"]
[Annotator "TA"]
[PlyCount "55"]
[EventDate "2019.02.27"]
[EventType "swiss"]
[EventCountry "GRE"]
[SourceTitle "playchess.com"]
[Source "ChessBase"]
[SourceQuality "1"]

{[%evp 10,55,0,0,-1,-29,-17,-16,4,8,20,18,32,30,37,18,30,16,40,27,37,29,54,23,64,35,84,85,108,75,120,116,99,114,117,118,118,98,101,107,184,127,199,144,868,864,852,827]} 1. d4 Nf6 2. Nf3 e6 3. Bf4 c5 4. e3 b6 5. Nbd2 Bb7 6. Bd3 Be7 {A47: 1 d4 Nf6 2 Nf3 b6: Torre, London and Colle Systems} 7. Qe2 (7. h3 O-O 8. O-O cxd4 9. exd4 Ba6 10. c4 d5 11. b3 Nc6 12. Be3 Rc8 13. Rc1 Ba3 14. Rc3 {1-0 (39) Baron,T (2532)-Kazhgaleyev,M (2587) St Petersburg 2018}) 7... O-O 8. c3 d6 {The position is equal.} 9. h3 Re8 10. O-O cxd4 11. cxd4 Nc6 12. Rfc1 $146 ({Predecessor:} 12. Bb5 a6 13. Bxc6 Bxc6 14. Rfc1 Bb7 {0-1 (35) Pichouron,E (1855)-Burille,M (2069) Avoine 2016}) 12... a6 13. a3 Bf8 14. Bg5 h6 15. Bh4 Be7 16. Bg3 Bf8 17. Ne4 Na5 {[#]} 18. Nxf6+ $1 Qxf6 19. Rc7 {Black must now prevent b4.} Bxf3 20. gxf3 {Strongly threatening b4.} b5 21. b4 Qd8 22. Qc2 Nc4 23. Bh7+ Kh8 24. Rxf7 Rc8 (24... d5 $16 {was necessary.}) 25. Qd3 $36 {[%mdl 2048] White is on the roll.} (25. Qg6 $18) 25... Qb6 (25... d5 $16 {might work better.} 26. Qg6 Nd6 27. Bxd6 Qxd6) 26. Bh4 ({Better is} 26. Qg6 $18 d5 27. Rc1) 26... e5 $2 {[%mdl 8192]} (26... d5 $16 27. Bg3 Re7 28. Rxe7 Bxe7) 27. Qg6 $18 {White threatens Bf6! and mate.} d5 {[#]} 28. Bf6 $1 {[%mdl 512] Accuracy: White = 68%, Black = 36%.} 1-0

[Event "5th Vardaris Open 2019"]
[Site "Thessaloniki"]
[Date "2019.03.08"]
[Round "2.4"]
[White "Sotiropoulos, Anastasios-Theohar"]
[Black "Malikentzos, Sotirios"]
[Result "0-1"]
[WhiteElo "1968"]
[BlackElo "2450"]
[Annotator "TA"]
[PlyCount "78"]
[EventDate "2019.02.27"]
[EventType "swiss"]
[EventCountry "GRE"]
[SourceTitle "playchess.com"]
[Source "ChessBase"]
[SourceQuality "1"]

{[%evp 11,78,7,20,1,0,0,1,-11,-17,-11,-11,-11,-2,-5,9,-6,-10,-13,0,0,22,-20,-20,-19,-8,-43,-39,-35,-24,-57,-28,-31,-14,-22,-20,-42,-5,-43,-13,-6,0,-14,-12,-12,-12,-12,-12,-8,-15,-12,-31,-20,-14,-46,0,0,8,0,0,0,0,-4,-4,-250,-252,-238,-211,-29993,-29994]} 1. Nf3 d5 2. g3 c6 3. Bg2 Bg4 4. O-O e6 5. d4 Nf6 6. c4 Be7 7. Qb3 {D11: Slav Defence: 3 Nf3 sidelines and 3...Nf6 4 e3 Bg4} (7. Nc3 O-O 8. Qb3 Qb6 9. Ne5 Bh5 10. Bf4 Nbd7 11. Nxd7 Nxd7 12. e4 dxe4 13. Nxe4 Rfd8 14. Rfe1 Nf6 {1-0 (38) Carlsen,M (2843)-So,W (2778) Stavanger 2018}) 7... Qb6 8. c5 Qa6 9. Bf4 {The position is equal.} b6 10. cxb6 axb6 11. Nc3 Nbd7 12. h3 $146 ({Predecessor:} 12. Rfe1 O-O 13. e4 Rfc8 14. exd5 Nxd5 15. Nxd5 cxd5 16. Bf1 Qb7 17. Bb5 {0-1 (44) Persson,M (2314)-Rublevsky,S (2689) Novi Sad 2016}) 12... Bh5 13. g4 Bg6 14. Nh4 O-O 15. Nxg6 hxg6 16. e4 dxe4 17. Nxe4 Nd5 18. Bd2 N7f6 19. Nc3 Rfd8 20. Rfd1 Bd6 21. a3 Rac8 22. Nxd5 Nxd5 23. Rac1 Qb7 24. Qf3 Bb8 25. h4 b5 26. h5 gxh5 27. gxh5 Qc7 28. Qh3 Nf4 29. Bxf4 Qxf4 30. Rxc6 Rxc6 31. Bxc6 Ba7 32. Qg3 (32. Qf3 $5 {[%cal Rf3f4]} Qh4 33. d5 $15) 32... Qf6 33. d5 exd5 34. Bxd5 Bd4 35. Bb3 Re8 {With the idea ...Re2.} 36. Rd3 {[#] Black must now prevent Rf3.} Re5 $1 $36 {[%cal Re5g5][%mdl 2048] Black fights for an advantage.} ({Much weaker is} 36... Re1+ $6 37. Kg2 $16) 37. Rf3 $2 (37. Kf1 $11 {and White has nothing to worry.} Rf5 38. Rd2) 37... Rg5 $19 38. Bxf7+ Kf8 ({And not} 38... Qxf7 39. Qxg5 Qxf3 40. Qd8+ {[%mdl 64] Double Attack} Kf7 41. Qxd4 $16) 39. Bd5 $2 {[#]} (39. Rxf6 $19 Rxg3+ 40. Kh2 Bxf6 41. Kxg3 Kxf7 42. b3) 39... Rxg3+ {[%mdl 64] Pin. Accuracy: White = 53%, Black = 46%.} 0-1

[Event "5th Vardaris Open 2019"]
[Site "Thessaloniki"]
[Date "2019.03.08"]
[Round "2.5"]
[White "Nikolaou, Spiridon"]
[Black "Katsiampas, Efthymios"]
[Result "1-0"]
[WhiteElo "2235"]
[BlackElo "1847"]
[Annotator "NA RC"]
[PlyCount "67"]
[EventDate "2019.02.27"]
[EventType "swiss"]
[EventCountry "GRE"]
[SourceTitle "playchess.com"]
[Source "ChessBase"]
[SourceQuality "1"]
[TimeControl "6000+30"]

{[%evp 8,67,25,22,49,42,18,32767,32767,32767,12,0,16,19,83,72,73,71,77,69,32767,32767,117,32767,32767,112,32767,32767,32767,112,32767,32767,158,32767,32767,133,182,111,139,145,122,126,32767,32767,195,202,164,193,354,411,350,404,32767,32767,458,32767,32767,32767,32767,32767,435,439]} 1. d4 Nf6 2. c4 e6 3. Nf3 Bb4+ 4. Nbd2 O-O 5. a3 Be7 6. e4 d5 7. e5 Nfd7 8. Bd3 {E11: Bogo-Indian} c5 9. Qc2 {LiveBook: 56 Games} (9. h4 g6 10. O-O Nc6 11. Nb3 dxc4 12. Bxc4 cxd4 13. Re1 a5 14. Bh6 Re8 15. Rc1 Nb6 {1-0 (39) Ding,L (2804)-Saric,I (2689) Batumi 2018}) 9... g6 10. O-O (10. b4 $5) 10... cxd4 $146 ({Predecessor:} 10... Nc6 11. Re1 Nxd4 12. Nxd4 cxd4 13. cxd5 exd5 14. Nb3 Re8 15. e6 Bf6 16. exf7+ Kxf7 17. Rxe8 Qxe8 {½-½ (54) Cmilyte,V (2497)-Lomineishvili,M (2351) Belgrade 2013}) 11. cxd5 exd5 12. Nb3 Nc6 13. Re1 $1 Qb6 14. Bh6 Nc5 ({Black should play} 14... Re8 $14) 15. Nxc5 Qxc5 16. Qxc5 Bxc5 17. b4 Bb6 18. Bxf8 Kxf8 19. h3 h5 (19... a5 $14) 20. Rad1 a6 21. Bc2 Ba7 (21... Ke7 $16 {was called for.} 22. Rd2 Be6) 22. Ng5 Nd8 23. Bb3 Be6 24. Rc1 Bb6 25. Nh7+ Kg7 26. Nf6 Nc6 27. Bxd5 Nxe5 $2 {[#]} (27... d3) 28. Nxh5+ $1 gxh5 29. Rxe5 {Double Attack} Kf6 30. Rxh5 Kg6 31. g4 Rd8 32. Be4+ Kf6 33. Bd3 Ke7 34. Rh6 $18 1-0

[Event "5th Vardaris Open 2019"]
[Site "Thessaloniki"]
[Date "2019.03.08"]
[Round "2.6"]
[White "Tsekmes, Dimitrios"]
[Black "Stergiou, Konstantinos"]
[Result "1-0"]
[WhiteElo "2138"]
[BlackElo "1802"]
[Annotator "NA RC"]
[PlyCount "79"]
[EventDate "2019.02.27"]
[EventType "swiss"]
[EventCountry "GRE"]
[SourceTitle "playchess.com"]
[Source "ChessBase"]
[SourceQuality "1"]
[TimeControl "6000+30"]

1. e4 e6 2. d4 d5 3. Bd3 c5 4. exd5 exd5 5. Nf3 Nf6 6. O-O {C01: French: Exchange Variation} cxd4 (6... c4 7. Re1+ Be7 8. Be2 O-O 9. b3 cxb3 10. axb3 Nc6 11. c3 Re8 12. Nbd2 Bd6 13. Bd3 Bg4 14. Rxe8+ Qxe8 {0-1 (52) Fontaine,R (2563)-Carlsen,M (2834) chess.com INT 2018}) 7. Nxd4 Be7 8. Nd2 O-O 9. Re1 $146 ({Predecessor:} 9. N2f3 Nc6 10. Nf5 Re8 11. Nxe7+ Qxe7 12. Bg5 Bg4 13. Re1 Qd6 {0-1 (44) Safarova,A (1599)-Asllani,M (2131) Kallithea 2016}) 9... Nc6 10. Nf5 Bc5 11. Nb3 Bb6 12. Bg5 Be6 (12... Bxf5 $11 13. Bxf5 Qd6) 13. c3 Bxf5 14. Bxf5 Qd6 15. Qf3 Bc7 16. Qh3 g6 17. Bc2 (17. Qh4 $14 Nh5 18. Bg4) 17... Rfe8 18. Nc5 Ne5 19. Nxb7 Qb6 20. Nc5 Nfg4 (20... Neg4 $11 21. Qh4 Qxc5 22. Bxf6 Rxe1+ 23. Rxe1 Bxh2+ 24. Kh1 Qxf2 25. Qxg4 Bc7) 21. b4 f5 $2 {[#]} (21... a5 $1 $11 22. a3 Bd6) 22. Ba4 (22. Bb3 $1 $18 {[%cal Rb3d5]} Nc4 23. g3) 22... Nf7 23. Bxe8 Nxg5 24. Qd3 Qd6 25. g3 $1 Ne5 $2 (25... Ne4 $16 {might work better.}) 26. Rxe5 $1 Qxe5 27. Bc6 Rd8 28. f4 $18 Qd6 29. Nb7 Qxc6 30. Nxd8 Qb6+ 31. Kg2 Ne4 32. Qxd5+ Kh8 33. Qf7 Qd6 34. Qe8+ Kg7 35. Ne6+ Kf6 36. Nd4 Nxc3 37. Qc6 Ne4 38. Rc1 Bb6 39. Nb5 Qxc6 40. Rxc6+ 1-0

[Event "5th Vardaris Open 2019"]
[Site "Thessaloniki"]
[Date "2019.03.08"]
[Round "2.7"]
[White "Rahmanidis, Petros"]
[Black "Koronas, Vasilios"]
[Result "1-0"]
[WhiteElo "2112"]
[BlackElo "1791"]
[Annotator "NA RC"]
[PlyCount "44"]
[EventDate "2019.02.27"]
[EventType "swiss"]
[EventCountry "GRE"]
[SourceTitle "playchess.com"]
[Source "ChessBase"]
[SourceQuality "1"]
[TimeControl "6000+30"]

{[%evp 8,44,49,20,47,35,32767,32767,82,35,32767,32767,32767,32767,42,32767,32767,32767,2,-31,-18,-70,-71,-73,10,14,27,0,37,32767,32767,70,40,60,100,95,104,113,1003]} 1. e4 g6 2. d4 Bg7 3. Nc3 d6 4. Be3 a6 5. a4 b6 6. Qd2 Nd7 7. f3 {B06: Modern Defence} (7. Nf3 Bb7 8. Bc4 e6 9. d5 e5 10. O-O h6 11. Ne1 f5 12. f3 Ne7 13. Nd3 f4 14. Bf2 g5 {1-0 (84) Straka,Z (2547)-Burghoff,A (2609) ICCF email 2012}) 7... c5 8. Nge2 cxd4 $146 ({Predecessor:} 8... Qc7 9. Nd5 Qb8 10. Ng3 Ra7 11. c4 e6 12. Nc3 Ne7 {0-1 (57) Medvegyne Balogh,E-Lengyel,L (2200) Heves 1999}) 9. Nxd4 Bb7 10. Be2 Rc8 11. Nd5 e6 12. Bg5 Ngf6 13. Nb4 Nc5 14. h4 h6 15. Be3 e5 (15... Nh5 $15) 16. Nb3 Nxb3 17. cxb3 a5 18. Bb5+ Ke7 19. Nd5+ Bxd5 20. exd5 Nd7 21. Bxd7 Kxd7 22. Qf2 Kc7 $18 (22... Qc7 $16) 1-0

[Event "5th Vardaris Open 2019"]
[Site "Thessaloniki"]
[Date "2019.03.08"]
[Round "2.8"]
[White "Alexa, Cosmin"]
[Black "Sidiropoulos, Nikolaos"]
[Result "0-1"]
[WhiteElo "1850"]
[BlackElo "2112"]
[Annotator "NA RC"]
[PlyCount "120"]
[EventDate "2019.02.27"]
[EventType "swiss"]
[EventCountry "GRE"]
[SourceTitle "playchess.com"]
[Source "ChessBase"]
[SourceQuality "1"]
[TimeControl "6000+30"]

{[%evp 9,120,0,-2,7,32767,32767,-14,32767,-2,-9,-12,-4,-12,32767,-23,-6,-5,32767,32767,32767,-147,32767,32767,32767,-354,32767,32767,-369,-363,32767,-359,32767,-425,-434,32767,32767,-328,32767,-329,-320,-226,-234,-224,-227,-227,-227,-228,-306,32767,-320,32767,-309,-308,-312,-341,-328,-364,32767,32767,32767,32767,-396,32767,-394,-433,-401,-408,-418,-465,-550,-414,-346,-369,-368,-441,-395,-450,-423,32767,32767,32767,32767,32767,32767,32767,32767,32767,32767,32767,32767,32767,32767,32767,32767,32767,32767,32767,32767,32767,32767,32767,32767,32767,32767,32767,32767,32767,32767,32767,32767,32767,32767,-29988]} 1. d4 Nf6 2. Bf4 d5 3. e3 e6 4. Nd2 c5 5. c3 Nc6 6. Bd3 Bd6 7. Bg3 {D00: 1 d4 d5: Unusual lines} (7. Bxd6 Qxd6 8. f4 Bd7 9. a3 Ne7 10. Ngf3 Qb6 11. Rb1 Bb5 12. Bxb5+ Qxb5 13. Qe2 Qxe2+ 14. Kxe2 Rc8 {1-0 (58) Duda,J (2717)-Dziuba,M (2584) Katowice 2017}) 7... e5 8. dxe5 Nxe5 9. Bxe5 {LiveBook: 3 Games} Bxe5 10. Ngf3 Bc7 11. e4 $146 ({Predecessor:} 11. Qa4+ Bd7 12. Bb5 a6 13. Bxd7+ Qxd7 14. Qxd7+ Kxd7 {½-½ (33) Annaberdiev,M (2501)-Erigaisi,A (2499) Budapest 2018}) 11... O-O 12. O-O $1 Bg4 13. exd5 Qxd5 14. Qc2 Rad8 15. Be2 Qh5 16. h3 Bf5 17. Qa4 Rxd2 18. Nxd2 Qxe2 19. Qd1 Qb5 20. Qb3 Qc6 21. Rfe1 Rd8 22. Nf3 {[#]} Bxh3 $1 23. Rad1 Rxd1 24. Qxd1 Bg4 25. Ne5 Bxd1 26. Nxc6 bxc6 27. Rxd1 Kf8 28. b4 Nd5 29. bxc5 Nxc3 30. Rd3 Nd5 ({Don't do} 30... Nxa2 31. Rd7 $19) 31. Rb3 Ke7 32. Kf1 h5 33. a4 g5 34. a5 Bxa5 35. Rb7+ Ke6 36. Rxa7 Bb4 37. Ra6 Kd7 38. Ra7+ Nc7 39. f4 Bxc5 40. Ra5 Nb5 41. fxg5 Be7 42. Ra8 Bxg5 43. g3 h4 44. gxh4 Bxh4 45. Rf8 Ke7 46. Rc8 Kd6 47. Ke2 Kd5 48. Kf3 c5 49. Rb8 Nd6 50. Ke3 Bg5+ 51. Kd3 c4+ 52. Kc2 Be3 53. Rf8 f5 54. Kc3 f4 55. Kc2 Ke4 56. Rf6 Nf5 57. Re6+ Kd5 58. Rf6 Ke5 59. Rf8 f3 60. Re8+ Kf4 0-1

[Event "5th Vardaris Open 2019"]
[Site "Thessaloniki"]
[Date "2019.03.08"]
[Round "2.9"]
[White "Gavriilidis, Orestis"]
[Black "Triantafilidis, Mihail"]
[Result "1/2-1/2"]
[WhiteElo "1833"]
[BlackElo "2070"]
[Annotator "NA RC"]
[PlyCount "119"]
[EventDate "2019.02.27"]
[EventType "swiss"]
[EventCountry "GRE"]
[SourceTitle "playchess.com"]
[Source "ChessBase"]
[SourceQuality "1"]
[TimeControl "6000+30"]

1. d4 Nf6 2. Nf3 d6 3. Nc3 Nbd7 4. e4 e5 5. Bc4 Be7 6. O-O O-O 7. Re1 c6 8. a4 b6 9. d5 Bb7 10. dxc6 Bxc6 11. Nd5 {C41: Philidor Defence} (11. Bg5 a6 12. Bxf6 Nxf6 13. Qd3 Qc8 14. Nd2 Qb7 15. b4 Qc8 16. Nf1 a5 17. b5 Bd7 18. Ne3 Qc5 19. Ncd5 Nxd5 20. Nxd5 {1-0 (69) Potkin,V (2647)-Bologan,V (2672) Khanty-Mansiysk 2013}) 11... Nxd5 12. Bxd5 {LiveBook: 4 Games} Qc7 13. c3 Bxd5 14. Qxd5 Nf6 15. Qb3 h6 $146 ({Predecessor:} 15... Rad8 16. Bg5 h6 17. Bxf6 Bxf6 {0-1 (50) Varvaglione,A (2048)-Miracola,M (2149) Porto San Giorgio 2013}) 16. Bd2 Rad8 17. Rad1 d5 18. exd5 e4 19. Nd4 Rxd5 20. h3 Rfd8 21. Be3 a6 22. Ne2 Bc5 23. Bxc5 bxc5 24. Rxd5 Rxd5 25. Rd1 Rd3 26. Nc1 Rd6 27. Rxd6 Qxd6 28. Qc2 Nh5 29. Qe2 Nf4 30. Qe3 g5 31. g3 Nd3 32. Ne2 Nxb2 33. Qxe4 Qd1+ 34. Kg2 Qxa4 35. Qb7 Nd3 36. Qd5 Qd1 37. Qe4 a5 38. Nc1 Nxc1 39. Qe8+ Kg7 40. Qe5+ Kh7 41. Qe4+ Kg7 42. Qe5+ Kf8 43. Qxc5+ Ke8 44. Qe5+ Kd7 45. Qxa5 Qd6 46. Qa7+ Kc6 (46... Qc7 $17 47. Qd4+ Kc8) 47. Qxf7 Nd3 48. Qe8+ Kc5 49. Qe4 Kb5 50. h4 gxh4 51. Qxh4 Qd5+ 52. Kh2 Nxf2 53. c4+ Qxc4 54. Qxc4+ Kxc4 55. Kg2 Nd3 56. Kf3 h5 57. Ke4 Nf2+ 58. Kf4 Nh1 59. Kf3 {[#]} Nxg3 $11 60. Kxg3 1/2-1/2

[Event "5th Vardaris Open 2019"]
[Site "Thessaloniki"]
[Date "2019.03.08"]
[Round "2.10"]
[White "Stergiou, Georgios"]
[Black "Stefan, Victor"]
[Result "0-1"]
[WhiteElo "1798"]
[BlackElo "2065"]
[Annotator "NA RC"]
[PlyCount "106"]
[EventDate "2019.02.27"]
[EventType "swiss"]
[EventCountry "GRE"]
[SourceTitle "playchess.com"]
[Source "ChessBase"]
[SourceQuality "1"]
[TimeControl "6000+30"]

{[%evp 8,104,18,37,16,32767,32767,18,14,32767,0,32767,0,0,32767,32767,6,-43,-20,-68,-68,-81,32767,32767,32767,32767,32767,32767,32767,-24,-26,-40,-30,32767,32767,-31,-20,-23,-22,-49,32767,-47,16,0,44,32767,32767,32767,32767,24,32767,0,0,0,0,0,0,0,0,32767,32767,32767,32767,32767,156,32767,32767,242,245,32767,0,-11,32767,32767,-6,-42,32767,32767,32767,32767,-108,32767,32767,32767,32767,32767,32767,32767,32767,32767,32767,-1111,32767,32767,32767,32767,32767,-29991,-29992]} 1. e4 e6 2. d4 d5 3. Nd2 c5 4. exd5 Qxd5 5. Ngf3 cxd4 6. Bc4 Qd8 7. Nb3 {C07: French Tarrasch: 3...c5, 4 Ngf3 and 4 exd5 Qxd5} (7. O-O Nc6 8. Nb3 a6 9. Nbxd4 Nxd4 10. Qxd4 Qxd4 11. Nxd4 Nf6 12. Be2 e5 13. Nb3 Be6 14. Rd1 Rc8 15. c3 Be7 16. Bf3 e4 17. Be2 O-O 18. Nd4 Bg4 19. Bxg4 Nxg4 {1-0 (51) Salem,A (2660)-Goganov,A (2612) St Petersburg 2018}) 7... Qc7 8. Qxd4 Nc6 $1 9. Qd1 Bd6 10. Qe2 a6 11. c3 Nge7 12. Nbd4 $146 ({Predecessor:} 12. Bd3 Bd7 13. Ng5 Ng6 14. Ne4 Nce5 15. Nxd6+ Qxd6 16. Bxg6 hxg6 17. Nd4 Nc6 18. Be3 Rxh2 19. O-O-O Rxh1 20. Rxh1 O-O-O 21. Nb3 Ne5 {½-½ (21) Nolsoe,E (2178)-Rodgaard,J (2362) Oyrabakki 2000}) 12... b5 13. Bb3 Nxd4 14. Nxd4 Bb7 15. Qg4 Ng6 16. Nf3 O-O 17. h4 Ne5 18. Nxe5 Bxe5 19. O-O Kh8 20. Re1 Rae8 21. Bc2 f5 22. Qh3 Bd6 23. h5 Qc6 24. f3 Bb8 (24... f4 $15 25. Kh1 e5) 25. Be3 b4 26. Rac1 bxc3 27. Bb3 e5 28. Rxc3 Qf6 29. Bc5 Bd6 30. Bxd6 Qxd6 31. Rd1 Qb6+ 32. Kh2 e4 33. f4 Qf2 34. Qe3 Qh4+ 35. Kg1 Rd8 $2 ({Black should play} 35... Re7 $11) 36. Rdc1 Rd3 37. Rxd3 exd3 38. Qxd3 Qxf4 39. Rf1 Qg5 40. Rf2 Re8 41. Qd1 (41. Bd5 $5 {[%cal Rd5b7]} Re1+ 42. Rf1 Rxf1+ 43. Kxf1 Qc1+ 44. Ke2 Qxb2+ 45. Kd1 Bxd5 46. Qxd5 Qb1+ 47. Ke2 $15) 41... h6 42. Bf7 Rc8 43. Rc2 Rd8 44. Qe1 Be4 45. Re2 Rc8 46. Qf2 Qg4 47. Rd2 f4 48. Re2 f3 49. Rxe4 Qxe4 50. Bg6 Rc1+ 51. Kh2 Qe5+ 52. Kh3 Qf4 53. g3 Rh1+ 0-1

[Event "5th Vardaris Open 2019"]
[Site "Thessaloniki"]
[Date "2019.03.09"]
[Round "3.1"]
[White "Tsekmes, Dimitrios"]
[Black "Vallejo Pons, Francisco"]
[Result "0-1"]
[WhiteElo "2138"]
[BlackElo "2698"]
[Annotator "TA"]
[PlyCount "61"]
[EventDate "2019.02.27"]
[EventType "swiss"]
[EventCountry "GRE"]
[SourceTitle "playchess.com"]
[Source "ChessBase"]
[SourceQuality "1"]

{[%evp 15,61,22,29,9,27,32,16,28,33,0,6,3,8,0,0,-9,0,-26,-12,-12,-17,-8,-11,-47,-47,-48,-47,-77,-68,-75,-60,-68,-46,-70,-58,-72,-63,-98,-90,-123,-114,-157,-121,-750,-476,-745,-418,-972]} 1. e4 c5 2. Nf3 e6 3. d4 cxd4 4. Nxd4 a6 5. Nc3 b5 6. Bd3 Bb7 7. O-O Nc6 8. Nxc6 Bxc6 9. Qe2 {B43: Sicilian: Kan Variation: 5 Nc3} (9. Re1 Bc5 10. Qh5 Bd4 11. Ne2 g6 12. Qh3 Bg7 13. c3 Nf6 14. Nd4 Bb7 15. Bh6 O-O 16. Bxg7 Kxg7 {½-½ (36) Guseinov,G (2664)-Popov,I (2592) St Petersburg 2018}) 9... Qb8 10. a4 {[%cal Ra4b5]} b4 11. Nd5 {The position is equal.} Bd6 12. h3 Ne7 $146 ({Predecessor:} 12... a5 13. Be3 Bxd5 14. exd5 Nf6 15. dxe6 fxe6 16. Rad1 O-O {½-½ (48) Socko,B (2556)-Ionescu,C (2446) Budapest 2000}) 13. Nxe7 Bxe7 14. Bxa6 O-O 15. Be3 Bxe4 16. Bb5 Rc8 17. c4 bxc3 18. bxc3 d5 19. f3 Bg6 20. Bd4 Bd6 21. Qb2 Qc7 22. Rfc1 Bf4 23. Rd1 h5 24. Re1 e5 25. Be3 Bg3 ({Much worse is} 25... Qxc3 26. Qxc3 Rxc3 27. Bxf4 $11) 26. Bf2 Bxf2+ ({Worse is} 26... Qxc3 27. Qxc3 Bxf2+ 28. Kxf2 $14) 27. Kxf2 e4 {...exf3 is the strong threat.} 28. fxe4 Bxe4 {[#] White must now prevent ...Qh2.} 29. c4 $2 {[%mdl 8192]} (29. Kg1 $17) 29... Qb6+ 30. Kg3 (30. Re3 $142 Rxc4 31. Ra2 Rc2+ 32. Qxc2 Bxc2 33. Rxc2) 30... Rxc4 31. Kh2 {Accuracy: White = 21%, Black = 56%.} (31. Re2 $142 Qc7+ 32. Kf2 Qc5+ 33. Kg3 Qd6+ 34. Kf2) 0-1